[Event "Oberliga Bayern 0506"]
[Site "Bayern"]
[Date "2006.01.29"]
[Round "6.7"]
[White "Riedel, Lutz"]
[Black "Schlosser, Andre"]
[Result "1/2-1/2"]
[WhiteElo "1995"]
[BlackElo "2129"]
[PlyCount "125"]
[EventDate "2005.10.23"]
[EventType "team-tourn"]
[EventRounds "9"]
[EventCountry "GER"]
[SourceTitle "EXT 2007"]
[Source "ChessBase"]
[SourceDate "2006.11.23"]
[SourceVersion "1"]
[SourceVersionDate "2006.11.23"]
[SourceQuality "1"]
[WhiteTeam "Krumbach"]
[BlackTeam "Groebenzell"]
[WhiteTeamCountry "GER"]
[BlackTeamCountry "GER"]

1. c4 Nf6 2. Nc3 c6 3. d4 d5 4. cxd5 cxd5 5. Nf3 Nc6 6. e3 e6 7. Bd3 Bd6 8. 0-0 0-0 9. h3 a6 10. e4 dxe4 11. Nxe4 Be7 12. Nxf6+ Bxf6 13. Be3 Nb4 14. Be4 Nd5 15. Qb3 Bd7 16. Bxd5 exd5 17. Qxd5 Bc6 18. Qxd8 Raxd8 19. Ne5 Bd5 20. Rfd1 Rfe8 21. Nd3 g5 22. Nc5 h5 23. b4 g4 24. hxg4 hxg4 25. Rd2 Kg7 26. Re1 Bc6 27. Nd3 Bxd4 28. Bf4 Bc3 29. Rxe8 Bxe8 30. Rc2 Bf6 31. Nc5 Rd4 32. Bd2 b6 33. Nb3 Rd3 34. Nc1 Ra3 35. Nb3 Ba4 36. Bc3 Bxc3 37. Rxc3 Rxa2 38. Nd4 Rb2 39. Nf5+ Kf6 40. Ne3 Kg5 41. Rc4 f5 42. Rd4 Be8 43. f4+ gxf3 44. gxf3 Bg6 45. f4+ Kh6 46. Rd6 Rxb4 47. Nxf5+ Kh7 48. Nd4 a5 49. Kf2 a4 50. Ne6 a3 51. Rd7+ Kh6 52. Ra7 Bf5 53. Nc7 Rb2+ 54. Ke3 a2 55. Kd4 Kh5 56. Nd5 Bb1 57. Kc3 Rb5 58. Nb4 Kg4 59. Nxa2 Kxf4 60. Nb4 Ke3 61. Re7+ Be4 62. Nc2+ Kf4 63. Rf7+ 1/2-1/2

[Event "Oberliga Bayern 0506"]
[Site "Bayern"]
[Date "2005.12.11"]
[Round "4.8"]
[White "Limmer, Stefan"]
[Black "Schlosser, Andre"]
[Result "0-1"]
[WhiteElo "2171"]
[BlackElo "2129"]
[PlyCount "80"]
[EventDate "2005.10.23"]
[EventType "team-tourn"]
[EventRounds "9"]
[EventCountry "GER"]
[SourceTitle "EXT 2007"]
[Source "ChessBase"]
[SourceDate "2006.11.23"]
[SourceVersion "1"]
[SourceVersionDate "2006.11.23"]
[SourceQuality "1"]
[WhiteTeam "Pasing"]
[BlackTeam "Groebenzell"]
[WhiteTeamCountry "GER"]
[BlackTeamCountry "GER"]

1. e4 d6 2. f4 Nf6 3. e5 dxe5 4. fxe5 Nd5 5. d4 Bf5 6. Nf3 e6 7. Be2 c5 8. 0-0 Nc6 9. Kh1 Be7 10. dxc5 Bxc5 11. Bg5 Qc7 12. Nc3 Nxc3 13. bxc3 h6 14. Bh4 0-0 15. Rb1 Rab8 16. Rb5 b6 17. Qd2 Ne7 18. Bg3 Rbd8 19. Qc1 Nd5 20. Qb2 Ne3 21. Rc1 Be4 22. Bf2 Bxf3 23. Bxf3 Nc4 24. Rxc5 bxc5 25. Qb5 Nxe5 26. Bg3 Qd7 27. Qxd7 Nxd7 28. Bd6 Rfe8 29. Bc6 Nb8 30. Bxe8 Rxd6 31. Rb1 Kf8 32. Ba4 Rb6 33. Rd1 Ke7 34. Kg1 Nc6 35. Kf2 Ne5 36. Ke3 Ra6 37. Bb5 Rxa2 38. Ke4 f6 39. Rd2 c4 40. Kd4 Ra5 0-1

[Event "Oberliga Bayern 0506"]
[Site "Bayern"]
[Date "2005.11.27"]
[Round "3.8"]
[White "Schlosser, Andre"]
[Black "Mueller, Marcus"]
[Result "0-1"]
[WhiteElo "2129"]
[BlackElo "2091"]
[PlyCount "100"]
[EventDate "2005.10.23"]
[EventType "team-tourn"]
[EventRounds "9"]
[EventCountry "GER"]
[SourceTitle "EXT 2007"]
[Source "ChessBase"]
[SourceDate "2006.11.23"]
[SourceVersion "1"]
[SourceVersionDate "2006.11.23"]
[SourceQuality "1"]
[WhiteTeam "Groebenzell"]
[BlackTeam "Muenchen 36"]
[WhiteTeamCountry "GER"]
[BlackTeamCountry "GER"]

1. d4 Nf6 2. Bg5 g6 3. Bxf6 exf6 4. c4 Bg7 5. Nc3 0-0 6. Nf3 Re8 7. g3 d6 8. Bg2 c6 9. 0-0 Nd7 10. Re1 f5 11. a4 a5 12. Rb1 Nf6 13. Nd2 Qb6 14. e3 Be6 15. Qc2 Re7 16. Ne2 Rae8 17. c5 dxc5 18. dxc5 Qa7 19. Nf4 Bc8 20. Nf3 Ne4 21. Rec1 Rd8 22. Rd1 Red7 23. Rxd7 Rxd7 24. Nd3 Rd8 25. Rc1 Be6 26. Nfe5 Bd5 27. f3 Nf6 28. Nf4 Re8 29. Nfd3 Nh5 30. f4 Bxg2 31. Kxg2 Nf6 32. Qb3 Nd5 33. Kf2 Bxe5 34. Nxe5 f6 35. Nd7 Kg7 36. Re1 b5 37. Nb6 Nxb6 38. cxb6 Qxb6 39. Rd1 Re7 40. Rd6 Qc5 41. Rd8 bxa4 42. Qd3 Qc1 43. Rb8 Kh6 44. Qd4 Re4 45. Qxf6 Qxe3+ 46. Kg2 Qe2+ 47. Kh3 Qf1+ 48. Kh4 Rxf4+ 49. gxf4 Qxf4+ 50. Kh3 Qg4# 0-1

[Event "Landesliga Sued 0405"]
[Site "Bayern"]
[Date "2004.11.14"]
[Round "2.5"]
[White "Schlosser, Andre"]
[Black "Martin, Johann"]
[Result "1/2-1/2"]
[WhiteElo "2128"]
[BlackElo "1868"]
[PlyCount "28"]
[EventDate "2004.10.24"]
[EventType "team-tourn"]
[EventRounds "9"]
[EventCountry "GER"]
[SourceTitle "EXT 2007"]
[Source "ChessBase"]
[SourceDate "2006.11.23"]
[SourceVersion "1"]
[SourceVersionDate "2006.11.23"]
[SourceQuality "1"]
[WhiteTeam "Groebenzell"]
[BlackTeam "Waldkirchen"]
[WhiteTeamCountry "GER"]
[BlackTeamCountry "GER"]

1. e4 c6 2. Nc3 d5 3. Nf3 Bg4 4. h3 Bxf3 5. Qxf3 e6 6. exd5 cxd5 7. Bb5+ Nc6 8. 0-0 Nf6 9. Re1 Be7 10. Ne2 a6 11. Ba4 0-0 12. d4 Qa5 13. Nc3 b5 14. Bb3 Nxd4 1/2-1/2